[Event "Steinfurt Bezirksklasse 1516"]
[Site "Germany"]
[Date "2016.05.07"]
[Round "9.1"]
[White "Bloem, Markus"]
[Black "Olschimke, Adrian"]
[Result "1-0"]
[WhiteElo "1523"]
[BlackElo "1068"]
[PlyCount "53"]
[EventDate "2015.09.05"]
[EventType "team-tourn"]
[EventRounds "9"]
[EventCountry "GER"]
[SourceTitle "EXT 2017"]
[Source "ChessBase"]
[SourceDate "2016.10.25"]
[SourceVersion "1"]
[SourceVersionDate "2016.10.25"]
[SourceQuality "1"]
[WhiteTeam "Ibbenbueren III"]
[BlackTeam "Steinfurt V"]
[WhiteTeamCountry "GER"]
[BlackTeamCountry "GER"]

1. e4 e5 2. Nf3 Nc6 3. Bb5 Bc5 4. 0-0 Nf6 5. d3 d6 6. Bg5 Bg4 7. Nbd2 Qd7 8. c3 d5 9. Qc2 Qd6 10. b4 Bb6 11. h3 Bxf3 12. Nxf3 h6 13. Bxf6 Qxf6 14. exd5 0-0 15. dxc6 bxc6 16. Bc4 Rad8 17. a4 a5 18. Rae1 Rfe8 19. Re4 Re7 20. Rfe1 Rde8 21. Qb2 axb4 22. cxb4 c5 23. a5 Ba7 24. b5 Qf5 25. Qc3 Kh8 26. Rxe5 Rxe5 27. Rxe5 1-0

[Event "Steinfurt Bezirksklasse 1415"]
[Site "Germany"]
[Date "2015.05.16"]
[Round "9.4"]
[White "Olschimke, Adrian"]
[Black "Hoppe, Nico"]
[Result "0-1"]
[WhiteElo "980"]
[BlackElo "1086"]
[PlyCount "30"]
[EventDate "2014.09.20"]
[EventType "team-tourn"]
[EventRounds "9"]
[EventCountry "GER"]
[SourceTitle "EXT 2016"]
[Source "ChessBase"]
[SourceDate "2015.10.08"]
[SourceVersion "1"]
[SourceVersionDate "2015.10.08"]
[SourceQuality "1"]
[WhiteTeam "Steinfurt IV"]
[BlackTeam "Emsdetten Turm IV"]
[WhiteTeamCountry "GER"]
[BlackTeamCountry "GER"]

1. e4 e5 2. Nf3 Nc6 3. Bc4 Bc5 4. Nc3 Nf6 5. d3 d6 6. Bg5 Bg4 7. 0-0 Nd4 8. Bxf6 Qxf6 9. Nd5 Qg6 10. Nh4 Qg5 11. Qc1 Ne2+ 12. Kh1 Nxc1 13. Raxc1 Bxf2 14. Nxc7+ Kd7 15. Nxa8 Qxh4 0-1